|
|
|
|
| LEADER |
00000cam a2200000 7i4500 |
| 001 |
0000014108 |
| 005 |
20170629.0 |
| 008 |
080221 |
| 020 |
|
|
|a 9832807026
|
| 090 |
0 |
0 |
|a 641.302
|b SYE
|
| 090 |
0 |
0 |
|a HEA
|b MAL (tmn u)
|
| 100 |
0 |
|
|a Syed Mahadzir
|
| 245 |
1 |
0 |
|a Pemakanan & kesihatan
|c Syed Mahadzir
|
| 246 |
0 |
0 |
|a Pemakanan dan kesihatan
|
| 260 |
|
|
|a Selangor :
|b Penerbitan PCT ,
|c 2004
|
| 440 |
|
|
|a Siri maklumat intelektual
|
| 650 |
|
0 |
|a Food
|x Health aspects
|
| 650 |
|
0 |
|a Health
|
| 650 |
|
0 |
|a Nutrition
|
| 740 |
0 |
|
|a Pemakanan dan kesihatan
|
| 999 |
|
|
|a 0000014607
|b Book
|c Children Collection
|e Cawangan Taman Universiti
|
| 999 |
|
|
|a 0000876009
|b Book
|c Adult Collection
|e Cawangan Mersing
|
| 999 |
|
|
|a 0000923100
|b Book
|c Adult Collection
|e Cawangan Bukit Gambir
|
| 999 |
|
|
|a 0000923102
|b Book
|c Adult Collection
|e Cawangan Bukit Gambir
|
| 999 |
|
|
|a 0000928601
|b Book
|c Adult Collection
|e Cawangan Tangkak
|
| 999 |
|
|
|a 0001006498
|b Book
|c Adult Collection
|e Perbadanan Perpustakaan Awam Johor
|
| 999 |
|
|
|a 0001006499
|b Book
|c Adult Collection
|e Cawangan Kota Tinggi
|
| 999 |
|
|
|a 0001006500
|b Book
|c Adult Collection
|e Cawangan AEON Kulaijaya
|
| 999 |
|
|
|a 0001006501
|b Book
|c Adult Collection
|e Cawangan Kota Tinggi
|